|
|
|
|
| LEADER |
00000nam0a2200000 4500 |
| 001 |
283411 |
| 005 |
20231101235608.0 |
| 035 |
|
|
|a (RuTPU)RU\TPU\book\307479
|
| 090 |
|
|
|a 283411
|
| 100 |
|
|
|a 20150206d1984 m y0rusy5003 ca
|
| 101 |
0 |
|
|a rus
|
| 102 |
|
|
|a RU
|
| 105 |
|
|
|a a z 000zy
|
| 200 |
1 |
|
|a В глубины Вселенной
|f Ю. Ефремов
|
| 205 |
|
|
|a 3-е изд., перераб. и доп.
|
| 210 |
|
|
|a Москва
|c Наука
|d 1984
|
| 215 |
|
|
|a 224 с.
|c ил.
|
| 225 |
1 |
|
|a Проблемы науки и технического прогресса: ПНТП
|
| 606 |
1 |
|
|a Солнечная система
|x Эволюция
|2 stltpush
|3 (RuTPU)RU\TPU\subj\55501
|9 73523
|
| 610 |
1 |
|
|a астрономия
|
| 610 |
1 |
|
|a Вселенная
|
| 610 |
1 |
|
|a звезды
|
| 610 |
1 |
|
|a галактики
|
| 610 |
1 |
|
|a расстояния
|
| 675 |
|
|
|a 523
|z rus
|v 4
|
| 700 |
|
1 |
|a Ефремов
|b Ю. Н.
|g Юрий Николаевич
|
| 801 |
|
0 |
|a RU
|b RuMRKP
|c 19950704
|g psbo
|
| 801 |
|
1 |
|a RU
|b 63413507
|c 20150206
|
| 801 |
|
2 |
|a RU
|b 63413507
|c 20180118
|g RCR
|
| 942 |
|
|
|c BK
|